[Event "Las Palmas-chT"]
[Site "Las Palmas"]
[Date "2011.03.12"]
[Round "8.4"]
[White "Robaina Bordon, Hector"]
[Black "Garcia Blanco, Omar"]
[Result "0-1"]
[WhiteElo "1786"]
[BlackElo "2209"]
[PlyCount "60"]
[EventDate "2011.01.15"]
[EventType "team-swiss"]
[EventRounds "14"]
[EventCountry "ESP"]
[SourceTitle "EXT 2012"]
[Source "ChessBase"]
[SourceDate "2011.11.24"]
[SourceVersion "1"]
[SourceVersionDate "2011.11.24"]
[SourceQuality "1"]
[WhiteTeam "Telde Los Llanos"]
[BlackTeam "La Caja de Las Palmas"]
[WhiteTeamCountry "ESP"]
[BlackTeamCountry "ESP"]

1. e4 c5 2. Nf3 e6 3. d4 cxd4 4. Nxd4 Nc6 5. Nc3 Qc7 6. g3 a6 7. Bg2 Nf6 8. 0-0 Be7 9. Nxc6 bxc6 10. b3 e5 11. Bb2 0-0 12. Qd2 d6 13. Ne2 a5 14. c4 Bb7 15. h3 Rfd8 16. Nc3 Nd7 17. Rad1 Nc5 18. Qe3 Ne6 19. Kh2 Bg5 20. f4 Bh6 21. Ne2 Re8 22. Qf2 f6 23. Bc1 exf4 24. Nxf4 Nxf4 25. Bxf4 Bxf4 26. Qxf4 Re5 27. Qg4 Rae8 28. Rxf6 Bc8 29. Rf5 g6 30. Rdf1 Qd8 0-1